Das letzte Fermat-Theorem. (Record no. 5956)

MARC details
000 -LEADER
fixed length control field 00628cam a22002411 4500
001 - CONTROL NUMBER
control field af 48004225
003 - CONTROL NUMBER IDENTIFIER
control field DLC
005 - DATE AND TIME OF LATEST TRANSACTION
control field 20260227110907.0
008 - FIXED-LENGTH DATA ELEMENTS--GENERAL INFORMATION
fixed length control field 771111s1943 gw 000 0 ger
010 ## - LIBRARY OF CONGRESS CONTROL NUMBER
LC control number af 48004225
035 ## - SYSTEM CONTROL NUMBER
System control number (OCoLC)3411549
040 ## - CATALOGING SOURCE
Original cataloging agency DLC
Transcribing agency GStG
Modifying agency DLC
042 ## - AUTHENTICATION CODE
Authentication code premarc
050 00 - LIBRARY OF CONGRESS CALL NUMBER
Classification number QA244
Item number .H28
082 ## - DEWEY DECIMAL CLASSIFICATION NUMBER
Classification number 512.81
100 1# - MAIN ENTRY--PERSONAL NAME
Personal name Haussner, Robert,
Dates associated with a name 1863-1948.
245 14 - TITLE STATEMENT
Title Das letzte Fermat-Theorem.
260 ## - PUBLICATION, DISTRIBUTION, ETC.
Place of publication, distribution, etc. Berlin,
Name of publisher, distributor, etc. W. de Gruyter,
Date of publication, distribution, etc. 1943.
300 ## - PHYSICAL DESCRIPTION
Extent 17 p.
Dimensions 24 cm.
500 ## - GENERAL NOTE
General note "Nachtrag": leaf inserted.
504 ## - BIBLIOGRAPHY, ETC. NOTE
Bibliography, etc. note Bibliographical footnotes.
650 #0 - SUBJECT ADDED ENTRY--TOPICAL TERM
Topical term or geographic name entry element Fermat's theorem.

No items available.

Powered by Koha